Carte Kiwi - Publicité SCNF - Paroles - Statistiques

Statistiques générales
  • Ce quiz a été pris 18 fois
  • Le résultat moyen est 49 sur 86
Statistiques - réponses
Paroles % Correct
à
100%
à
100%
C'
94%
c'
94%
carte
94%
carte
94%
carte
94%
carte
94%
est
94%
est
94%
Kiwi,
94%
Kiwi,
94%
Kiwi,
94%
Kiwi,
94%
Kiwiiiii !
94%
l'
94%
l'
94%
la
94%
la
94%
la
94%
Avec
89%
avec
89%
Mais
89%
s'
89%
de
78%
de
78%
moins
78%
possible !
78%
possible
78%
si,
78%
ans
72%
enfant
61%
enfant,
61%
seize
61%
Et
56%
Et
56%
Et
56%
Et
56%
et
56%
et
56%
jusqu'
56%
on
56%
quatre
56%
moitié
50%
moitié
50%
Moitié
50%
moitié
50%
moitié
50%
pas
50%
prix !
50%
prix !
50%
prix ?
50%
prix !
50%
prix !
50%
qui
50%
accompagnent
39%
ceux
39%
payent
39%
personnes
39%
ta
39%
ta
39%
tous
39%
ton
33%
ton
33%
aussi !
28%
aussi !
28%
aussi !
28%
aussi !
28%
il
28%
maman
28%
papa
28%
Un
28%
une
28%
voyage
28%
Oui
22%
oui !
22%
tu
17%
vous
17%
Billets,
11%
billets
11%
marraine
11%
nos
11%
plaît !
11%
tonton
11%
Voici
11%
payes
6%
Aucun quiz correspondant
Distribution des résultats
% des personnes avec chaque résultat
Percentile par nombre de réponses
Votre historique - résultats
Vous n’avez pas pris ce quiz